000
00335nam a2200121 4500
008
b xx# fre u
040
_a
LB-BrCRDP
082
1
_a
370.7
_b
PER
100
1
_a
de Peretti, André
245
1
0
_a
Organiser des formations
_c
André de Peretti
942
_c
BK
999
_c
10031
_d
10031